000 00799cam a2200229 4500
001 ABS64458
008 010830n2001 000 0 eng u
035 _a(Sirsi) u114399
110 _aInstitution of Fire Engineers
_94124
245 _aIFE annual lecture and conference: tunnels
260 _c2001
490 _aFire Engineers' Journal
_v61(213) July 2001, 20-27(8)
520 _aTwo papers taken from the IFE's 2001 lecture and conference on fire safety measures for tunnels and a look at accidents in tunnels, the effect of tunnel safety measures and human error.
590 _aABS
650 _aTUNNELS
650 _aFIRE ENGINEERING
650 _aSAFETY SYSTEMS
650 _aACCIDENTS
650 _aRISK CONTROL
690 _aBUILDING AND CONSTRUCTION-ENGINEERING
942 _n0
999 _c68132
_d68132